LEADER 01149cam2-2200325---450 001 990005407180203316 005 20190919150227.0 035 $a000540718 035 $aUSA01000540718 035 $a(ALEPH)000540718USA01 100 $a20121027d1979----km-y0itay50------ba 101 1 $aita$ceng 102 $aIT 200 1 $a<<7.1.: L'>>età del capitale. Gran Bretagna, Francia, Germania Scandinavia$fa cura di M. M. Postan e P. Mathias$gedizione italiana a cura di Valerio Castronovo$gtraduzione di Piero Bairati 210 $aTorino$cEinaudi$d1979 215 $aXX, 986 p.$d22 cm 454 0$12001$a<> industrial economies: capital, labour, and enterprises$91560261 461 0$1001000244215$12001$aStoria economica Cambridge 606 0 $aEconomia$xStoria$2BNCF 676 $a330.9 702 1$aBAIRATI,$bPiero 801 0$aIT$bsalbc$gISBD 912 $a990005407180203316 951 $a330.9 CAM 5 7.1(330.9 CAM)$b90555 L.M.$c3309$d00192503 951 $a300 330.9 STO$b1663 DISES 959 $aBK 969 $aECO 969 $aDISES 996 $aIndustrial economies: capital, labour, and enterprises$91560261 997 $aUNISA LEADER 04477nam 2200469 450 001 9910624395603321 005 20230316154118.0 010 $a9783662647141$b(electronic bk.) 010 $z9783662647134 035 $a(MiAaPQ)EBC7127766 035 $a(Au-PeEL)EBL7127766 035 $a(CKB)25219375600041 035 $a(PPN)265860563 035 $a(EXLCZ)9925219375600041 100 $a20230316d2022 uy 0 101 0 $aeng 135 $aurcnu|||||||| 181 $ctxt$2rdacontent 182 $cc$2rdamedia 183 $acr$2rdacarrier 200 10$aGlaciology and glacial geomorphology /$fWilfried Hagg 210 1$aBerlin, Germany :$cSpringer,$d[2022] 210 4$d©2022 215 $a1 online resource (189 pages) 311 08$aPrint version: Hagg, Wilfried Glaciology and Glacial Geomorphology Berlin, Heidelberg : Springer Berlin / Heidelberg,c2022 9783662647134 320 $aIncludes bibliographical references and index. 327 $aIntro -- Acknowledgements -- Contents -- 1: Introduction and History of Research -- 1.1 Object of Research -- 1.2 History of Research -- References -- 2: Origin of Glaciers -- 2.1 Preconditions for Glacier Formation -- 2.2 Processes Involved -- 2.2.1 Snowfall -- Excursus 2.1: Snow Crystals -- 2.2.2 Snow Metamorphosis -- 2.2.3 Densification of the Snow -- 2.3 Physical Properties of Glacial Ice -- References -- 3: Ice Movement -- 3.1 Description of the Movement Pattern -- 3.2 Processes Involved in Ice Movement -- 3.2.1 Internal Deformation -- 3.2.2 Basal Sliding -- 3.2.3 Bed Deformation -- 3.2.4 Glacier Flow Velocity -- 3.3 Special Case Surge -- 3.4 Visible Witnesses of Ice Movement: Crevasses and Ogives -- References -- 4: Mass and Energy Balance of Glaciers -- 4.1 Glacier Mass Balance -- 4.1.1 Concept and Components of the Glacier Mass Balance -- 4.1.2 Methods of Mass Balance Determination -- 4.1.3 Mass Balance Measurements Worldwide -- 4.2 Energy Balance of Glacier Surfaces -- References -- 5: Glacier Types and Distribution -- 5.1 Typification of Glaciers -- 5.1.1 Typification According to the Source of Nourishment -- 5.1.2 Morphological Glacier Types -- 5.1.2.1 Unconstrained Glaciers -- 5.1.2.2 Constrained Glaciers -- 5.1.3 Thermal Glacier Types -- 5.2 Distribution of Glaciers -- References -- 6: Glaciers and Climate -- 6.1 Climatic Control of Glacier Behaviour -- 6.2 Glaciers as Climate Indicators -- Excursus 6.1: Waiho Loop Moraine -- References -- 7: Glaciers and Water -- 7.1 Glacial Hydrological Systems -- 7.1.1 Supraglacial System -- 7.1.2 Intraglacial System -- 7.1.3 Subglacial System -- 7.2 Runoff from Glaciers -- References -- 8: Glacial History -- 8.1 Methods for the Reconstruction of Glacial History -- Excursus 8.1 Radiocarbon Dating -- Excursus 8.2 Snow Line Depression -- 8.2 Glacial Periods. 327 $aExcursus 8.3 Milankovi? Cycles -- 8.2.1 The Older Ice Ages -- 8.2.2 The Pleistocene -- Excursus 8.4 Oxygen Isotope Analysis -- 8.3 Glacier Evolution in the Holocene -- 8.4 Current and Future Glacier Retreat -- 8.5 Consequences of Glacier Retreat -- 8.5.1 Local Consequences -- 8.5.2 Regional Consequences -- 8.5.3 Global Consequences -- References -- 9: Glacial Hazards -- 9.1 Ice Avalanches -- 9.1.1 Definition and Classification -- 9.1.2 Examples -- 9.1.3 Risk Management -- 9.2 Glacial Lake Outburst Floods -- 9.2.1 Classification and Examples -- 9.2.2 Breakout Mechanisms -- 9.2.3 Risk Management -- References -- 10: Glacial Erosion -- 10.1 Erosion Processes in Solid Rock -- Excursus 10.1: Abrasion Models -- 10.2 Erosion Processes in Unconsolidated Rocks -- 10.3 Erosion Rates -- Excursus 10.2: Weathering -- 10.4 Landforms of Glacial Erosion -- References -- 11: Glacial Sedimentation -- 11.1 Processes of Glacial Accumulation -- 11.2 Till -- Excursus 11.1: Morphometry of Sediments -- 11.3 Moraine Types -- 11.4 Special Forms -- 11.5 Glaciofluvial Landforms -- 11.6 The Glacial Series -- References -- Glossary -- Index. 606 $aGlacial landforms 606 $aGlaciology 606 $aGeomorphology 615 0$aGlacial landforms. 615 0$aGlaciology. 615 0$aGeomorphology. 676 $a551.315 700 $aHagg$b Wilfried$01264118 801 0$bMiAaPQ 801 1$bMiAaPQ 801 2$bMiAaPQ 912 $a9910624395603321 996 $aGlaciology and Glacial Geomorphology$92963424 997 $aUNINA